Statistics for Obsessed - Mariah Carey - All Lyrics

Click here to take the quiz!

General Stats

  • This quiz has been taken 71 times
    (57 since last reset)
  • The average score is 408 of 482

Answer Stats

Answer% Correct
(Ah-ah-ah)
100%
(Boy
100%
boy,
100%
Boy,
100%
E
100%
I
100%
know?
100%
know
100%
know)
100%
me?"
100%
me,
100%
me?
100%
me)
100%
me
100%
obsessed
100%
(Obsessed)
100%
so
100%
so,
100%
So
100%
that
100%
When
100%
when
100%
why
100%
"Why
100%
Why
100%
with
100%
yo,
100%
you,
100%
You
100%
you
100%
a
98%
A,
98%
oh
98%
oh-oh
98%
oh-oh,
98%
(Oh-oh-oh)
98%
Oh-oh-oh
98%
oh-oh-oh
98%
Oh-oh-oh-oh
98%
oh-oh-oh-oh)
98%
oh-oh-oh-oh
98%
Ooh-whoa
98%
Ooh-whoa,
98%
the
98%
wanna
98%
your
98%
sexing
96%
are
93%
everybody
93%
knows
93%
you're
93%
You're
93%
You’re
93%
(Lying
91%
Lying
91%
girl
89%
in
89%
It
89%
it
89%
up
89%
was
89%
on
87%
I’m
85%
I'm
85%
I'ma
85%
It’s
85%
It's
85%
LA,
85%
we
85%
and
83%
(And
83%
And
83%
clear
83%
don't
83%
like,
83%
like
83%
be
80%
say)
80%
(Time)
80%
time?
80%
All
78%
all
78%
couldn't
78%
delusional
78%
delusional,
78%
even
78%
mind
78%
(Mind)
78%
who
78%
get
76%
man
76%
pop,
76%
at
74%
bar
72%
But
72%
Last
72%
losing
72%
wasting
72%
found
70%
impress
70%
must
70%
(No)
70%
no
70%
upset
70%
weed,
70%
car
67%
earth
67%
earth,
67%
Finally
67%
house,
67%
my
67%
this
67%
out
65%
poppin'
65%
confusing,
63%
lame
63%
'Cause
61%
confused,
61%
Got
61%
here
61%
name
61%
met
59%
one
59%
still
59%
saying
57%
Saying
57%
for
54%
Ain't
52%
ain't
52%
girls
52%
gon'
52%
Jermaine’s
52%
mentions
52%
Napoleon
52%
were,
52%
conversation
50%
how
50%
let
50%
of
50%
press
50%
Windex
50%
conference,
48%
fired
48%
never
48%
air,
46%
complex
46%
right
46%
world
46%
bathing
43%
feed
43%
hood,
43%
job,
43%
miss
43%
popping,
43%
starve
43%
trippin'?
43%
mom
41%
ventilation
41%
breath,
39%
corporation
39%
Gasping
39%
hating
39%
ladies
39%
much
39%
through
39%
hard
37%
hope
37%
Telling
37%
waiting
37%
blogs
35%
Seeing
35%
sing)
26%

Score Distribution

Percentile by Number Answered

Percent of People with Each Score

Your Score History

You have not taken this quiz since the last reset